000
00262nam a22001097a 4500
008
170105b xxu||||| |||| 00| 0 eng d
020
_a
9781565335233
041
_a
eng
080
_2
5TH
_a
618.2
245
_a
PN PHARMACOLOGY FOR NURSING
_c
KNIPPA, A
942
_2
udc
_c
BK
999
_c
2576
_d
2576